| 000 | 00700nam a22002657a 4500 | ||
|---|---|---|---|
| 001 | 5639 | ||
| 003 | FISKH | ||
| 005 | 20250108115621.0 | ||
| 008 | 250108b cb ||||| |||| 00| 0 eng d | ||
| 020 | _a9780618481361 | ||
| 040 |
_aFISKH _beng _cFISKH _dFISKH |
||
| 050 | _aPZ7 | ||
| 082 | _a330 | ||
| 100 | _ashapiro, Nancy | ||
| 245 |
_aAt work / _cBy Nancy Shapiro |
||
| 260 |
_aBoston : _bHoughton Mifflin, _c2005. |
||
| 300 |
_a8 pages ; _bcolor illustrations ; _c21 cm |
||
| 505 | _aD | ||
| 520 | _aTo introduce about working career. | ||
| 521 | 8 |
_a160
_bLexile estimate |
|
| 521 | 8 |
_aD
_bRaz-Plus |
|
| 650 |
_aJobs _vParenting |
||
| 942 |
_2ddc _cBK _n0 |
||
| 999 |
_c5639 _d5639 |
||